The formation of English neo - classical thoughts/ (Record no. 45461)
[ view plain ]
| 000 -LEADER | |
|---|---|
| fixed length control field | 01083nam a2200361 a 4500 |
| 001 - CONTROL NUMBER | |
| control field | vtls000041464 |
| 003 - CONTROL NUMBER IDENTIFIER | |
| control field | NLI |
| 005 - DATE AND TIME OF LATEST TRANSACTION | |
| control field | 20210601184757.0 |
| 008 - FIXED-LENGTH DATA ELEMENTS--GENERAL INFORMATION | |
| fixed length control field | 101125s1967 nju 001 eng |
| 020 ## - INTERNATIONAL STANDARD BOOK NUMBER | |
| Terms of availability | $ 9.00 |
| 039 #9 - LEVEL OF BIBLIOGRAPHIC CONTROL AND CODING DETAIL [OBSOLETE] | |
| -- | 201011250354 |
| -- | VLOAD |
| 040 0# - CATALOGING SOURCE | |
| Original cataloging agency | NLI |
| Language of cataloging | eng |
| Transcribing agency | VERGIS-2003 |
| 041 0# - LANGUAGE CODE | |
| Language code of text/sound track or separate title | eng |
| 044 ## - COUNTRY OF PUBLISHING/PRODUCING ENTITY CODE | |
| MARC country code | nju |
| 082 04 - DEWEY DECIMAL CLASSIFICATION NUMBER | |
| Classification number | 820.9 |
| 100 1# - MAIN ENTRY--PERSONAL NAME | |
| Personal name | Johnson, James William |
| 9 (RLIN) | 116607 |
| 245 14 - TITLE STATEMENT | |
| Title | The formation of English neo - classical thoughts/ |
| Statement of responsibility, etc. | James William Johnson |
| 260 ## - PUBLICATION, DISTRIBUTION, ETC. | |
| Place of publication, distribution, etc. | Princeton, New Jersey: |
| Name of publisher, distributor, etc. | The University Press, |
| Date of publication, distribution, etc. | 1967 |
| 300 ## - PHYSICAL DESCRIPTION | |
| Extent | xxi, 359 p.; |
| Dimensions | 22 cm. |
| 500 ## - GENERAL NOTE | |
| General note | Includes index |
| 504 ## - BIBLIOGRAPHY, ETC. NOTE | |
| Bibliography, etc. note | Bibliography: p. 299-317 |
| 650 #0 - SUBJECT ADDED ENTRY--TOPICAL TERM | |
| Topical term or geographic name entry element | English literature |
| Chronological subdivision | 18th century |
| General subdivision | History and criticism |
| 9 (RLIN) | 103168 |
| 887 ## - NON-MARC INFORMATION FIELD | |
| Content of non-MARC field | Nedunchezhian |
| 901 ## - LOCAL DATA ELEMENT A, LDA (RLIN) | |
| a | 396345 |
| b | 22/03/1970 |
| 902 ## - LOCAL DATA ELEMENT B, LDB (RLIN) | |
| a | E 820.9 J 633 |
| 903 ## - LOCAL DATA ELEMENT C, LDC (RLIN) | |
| a | 19/05/2004 |
| 904 ## - LOCAL DATA ELEMENT D, LDD (RLIN) | |
| a | Nedunchezhian |
| 906 ## - LOCAL DATA ELEMENT F, LDF (RLIN) | |
| a | 043203 |
| 949 ## - LOCAL PROCESSING INFORMATION (OCLC) | |
| -- | VIRTUAITEM |
| -- | 10000 |
| -- | 1 |
| -- | 100 |
| 6 | PUR000396345ENG |
| a | E 820.9 J633 |
| 942 ## - ADDED ENTRY ELEMENTS (KOHA) | |
| Source of classification or shelving scheme | Dewey Decimal Classification |
| Koha item type | Books |
| Withdrawn status | Lost status | Damaged status | Not for loan | Collection code | Home library | Current library | Shelving location | Date acquired | Total Checkouts | Full call number | Barcode | Date last seen | Price effective from | Koha item type |
|---|---|---|---|---|---|---|---|---|---|---|---|---|---|---|
| New English | National Library of India | National Library of India | New English - Main Stack Division | E 820.9 J 633 | PUR000396345ENG | 01/06/2021 | 01/06/2021 | Books |
